000 00699nam a2200289Ia 4500
005 20260324120040.0
008 008 260324s9999 xx 000 0 eng d
020 _a9781315832821
037 _aEBOOK
040 _aCRL
040 _beng
040 _cCRL
041 _2eng
041 _aeng
084 _qCRL
100 _aLaurel Kiser
_91157027
245 0 _aStrengthening Family Coping Resources
245 0 _bIntervention for Families Impacted by Trauma
260 _bTaylor and Francis
260 _c2015
365 _a
365 _b220
856 _uhttp://www.taylorfrancis.com/books/9781315832821
942 _cEBOOK
999 _c1748331
_d1748331